Dual faces of ministerial leadership in South Korea: does political responsiveness or administrative responsibility enhance perceived ministerial performance? (Record no. 86644)

000 -LEADER
fixed length control field 00557pab a2200181 454500
008 - FIXED-LENGTH DATA ELEMENTS--GENERAL INFORMATION
fixed length control field 180718b2010 xxu||||| |||| 00| 0 eng d
100 ## - MAIN ENTRY--PERSONAL NAME
Personal name Lee, Sam Youl
245 ## - TITLE STATEMENT
Title Dual faces of ministerial leadership in South Korea: does political responsiveness or administrative responsibility enhance perceived ministerial performance?
260 ## - PUBLICATION, DISTRIBUTION, ETC.
Date of publication, distribution, etc. 2010
300 ## - PHYSICAL DESCRIPTION
Extent p.77-101.
362 ## - DATES OF PUBLICATION AND/OR SEQUENTIAL DESIGNATION
Dates of publication and/or sequential designation Supplement
650 ## - SUBJECT ADDED ENTRY--TOPICAL TERM
Topical term or geographic name entry element Leadership
700 ## - ADDED ENTRY--PERSONAL NAME
Personal name Hahm, Sung Deuk
700 ## - ADDED ENTRY--PERSONAL NAME
Personal name Moon, M. Jae
773 ## - HOST ITEM ENTRY
Main entry heading Administration and Society
908 ## - PUT COMMAND PARAMETER (RLIN)
Put command parameter N
909 ## -
-- 86644
Holdings
Withdrawn status Lost status Damaged status Not for loan Permanent Location Current Location Date acquired Serial Enumeration / chronology Barcode Date last seen Price effective from Koha item type
        Indian Institute of Public Administration Indian Institute of Public Administration 2018-07-19 Volume no: 42, Issue no: 1 AR87104 2018-07-19 2018-07-19 Articles

Powered by Koha